Arq UDA proyectos 2017. UDA 2017 / (01) :

Detalles Bibliográficos
Otros Autores: Sotomayor Bustos, Cristian Marcelo (Editor)
Formato: Electrónico eBook
Lenguaje:español
Publicado: Cuenca, Ecuador : Universidad del Azuay, Casa Editora, [2018]
Materias:
Acceso en línea:Digitalia Hispánica

MARC

LEADER 00000nam a2200000Ii 4500
001 DIGUAZUAY0210
003 NyNyDIG
006 m o d
007 cr |||||||||||
008 251104s2018 ec aeo ob 000 0 spa d
035 |a (OCoLC)1548426208 
040 |a DGITA  |b eng  |e rda  |e pn  |c DGITA 
020 |a 9789942778048  |q eBook 
020 |z 9789942778055 
050 1 4 |a NA2750 ebook 
245 0 0 |a Arq UDA proyectos 2017.  |n (01) :  |b UDA 2017 /  |c Cristian Marcelo Sotomayor Bustos, compilador. 
264 1 |a Cuenca, Ecuador :  |b Universidad del Azuay, Casa Editora,  |c [2018] 
300 |a 1 online resource :  |b illustrations, photographs, plans. 
336 |a text  |b txt  |2 rdacontent 
337 |a computer  |b c  |2 rdamedia 
338 |a online resource  |b cr  |2 rdacarrier 
347 |a text file  |2 rdaft 
347 |b PDF 
504 |a Includes bibliographical references. 
588 0 |a Online resource; title from PDF title page (Digitalia, viewed November 4, 2025) 
650 0 |a Architecture  |v Designs and plans. 
650 0 |a Architecture  |x Study and teaching. 
700 1 |a Sotomayor Bustos, Cristian Marcelo,  |e editor. 
791 2 |a Digitalia (Firm),  |e distributor. 
793 0 |g Digitalia eBook Collection:  |a Universidad del Azuay 
776 0 8 |i Print version:  |t Arq UDA proyectos 2017 (01).  |d Cuenca, Ecuador : Universidad del Azuay, Casa Editora, [2018]  |z 9789942778055 
856 4 0 |3 Digitalia Hispánica  |u https://www.digitaliapublishing.com/a/133595/ 
910 |a Premium collection: 2025